El cartero del rey ; la luna nueva /
Guardado en:
| Autor Principal: | |
|---|---|
| Formato: | Libro |
| Publicado: |
Buenos Aires :
Losada,
1965
|
| Edición: | 6a. ed. |
| Series: | Bibl. Contempor nea
|
| Materias: | |
| Etiquetas: |
Agregar Etiqueta
Sin Etiquetas, Sea el primero en etiquetar este registro!
|
| LEADER | 00579nam a22002175a 4500 | ||
|---|---|---|---|
| 001 | CEM.cems006172 | ||
| 005 | 20060214000000.0 | ||
| 008 | 130507s1965##################000#0#####d | ||
| 003 | CEMS | ||
| 082 | 0 | 4 | |a 891.1 |
| 100 | 1 | |a Tagore, Rabindranath | |
| 245 | 1 | 0 | |a El cartero del rey ; la luna nueva / |
| 250 | |a 6a. ed. | ||
| 260 | |a Buenos Aires : |b Losada, |c 1965 | ||
| 300 | |a 152 p. | ||
| 490 | 0 | |a Bibl. Contempor nea | |
| 653 | |a Literatura | ||
| 653 | |a Poesia hindu | ||
| 653 | |a Poesias | ||
| 653 | |a Teatro hindu | ||
| 859 | |a CEMS |b BIB. CEMS - 11 de abril |h 891.1 |i T129a6 |p 6438.78 |t Ej.1 | ||
